Регионална библиотека "Любен Каравелов" - Русе

Как цъфти незасятата ръж (Запис номер 153099)

MARC детайли
000 -Лидер
Контролно поле с фиксирана дължина nam a22 a 4500
003 - Код на организацията, давaща контролен номер
Контролно поле BLK
005 - Дата и час на последна редакция
Контролно поле 20221111103257.0
008 - Елементи от данни с фиксирана дължина
fixed length control field 180410b bul|||||r ||||||| ||bul||
010 ## - Наследен системен номер
LC control number KNG00159618000
040 ## - Източник на каталожния запис
Идентификатор на билиотеката - собственик на записа BLK
041 ## - Код за език
Код за езика на текст/звукозапис или на отделно заглавие Български
Код за езика КДБФ Български
080 ## - УДК
Текстов определител УДК Литовска литература
УДК код - определител по УДК 821.172
УДК определител -31
УДК - код + определител 821.172-31
100 1# - Редна дума - Автор
Автор Бубнис, Витаутас
Авторска отговорност първи автор
R(LIN) 331964
139 ## - Редно поле
Редна дума Бубнис, Витаутас
Авторски знак Бу - Б 84
245 10 - Сведения за заглавието
Заглавие Как цъфти незасятата ръж
Подзаглавни данни Роман
Редно поле (дума) Витаутас Бубнис; прев. от литов. Иван Троянски.
257 ## - Страна на издаване
Страна на създаване/издаване Литва
260 ## - Област на издателските данни
Име на издателя, разпространителя и проч. Нар. култура
Година на издаване 1978
Място на издаване, разпространение и проч. София
300 ## - Физическа характеристика
Страници 308 с.
Размери/Мащаб 21 см
380 ## - Жанр
Жанр Худож. лит.
490 ## - СЕРИИ (Колекции)
Име на серия Библиотека Избрани романи
№: серия № 1
9 (RLIN) 201228
500 ## - Общи забележки
Забележка Авт. не е отбелязан на кор. - Ориг. загл. Nesetu, rugtu, zydejimas. - 35 125 тир.
700 1# - Други автори (авторска отговорност)
Лично име Троянски, Иван
Автороска отговорност (Описва отношението между автора и произведението) прев. от литов.
9 (RLIN) 380278
852 ## - Местоположение
Форматна сигнатура Цб 91053
Фондова буква Хранилище
856 4# - Електронен адрес и достъп
Електронен формат pdf - файл
Инструкция (цена за достъп) 0.00
Права за достъп disable
856 4# - Електронен адрес и достъп
Електронен формат pdf - файл
Инструкция (цена за достъп) 0.00
Права за достъп disable
999 ## - СИСТЕМНИ КОНТРОЛНИ НОМЕРА
Koha biblionumber 153099
Koha biblioitemnumber 153099
942 ## - АРТИКУЛИ
Вид на библиотечния материал Книги
Скрит в OPAC Не
Периодичен библиозапис Да
944 ## - СЪЗДАВАНЕ И РЕДАКЦИЯ на ЗАПИСА
Създаване/Редакция Създаване
Дата на регистрацията/редакция 10.04.2014
Статус, дата на статуса 10.04.2014 - от С1,Р / 10.04.2014
Служител, извършил регистрацията/редакцията Самет_Онур
944 ## - СЪЗДАВАНЕ И РЕДАКЦИЯ на ЗАПИСА
Създаване/Редакция Редакция
Дата на регистрацията/редакция 10.04.2014
Статус, дата на статуса 10.04.2014 - от С1,Р / 10.04.2014
944 ## - СЪЗДАВАНЕ И РЕДАКЦИЯ на ЗАПИСА
Създаване/Редакция Редакция
Дата на регистрацията/редакция 2022-11-11
Статус, дата на статуса 2022-11-11
999 ## - СИСТЕМНИ КОНТРОЛНИ НОМЕРА
Koha biblioitemnumber 153099
Наличности
Код за отписване Код за изгубен артикул Източник на класификационната схема Код за повреда Коз за рестрикции Код за отдаване Артикулен № Име на библиотеката - собственик Име на библиотеката, в която се намира в момента Статус (Текущо местоположение) Дата на вписване в системата Местоположение - отдел Цена в лева Инвентарен номер Систематично азбучна сигнатура Баркод Номер на екземпляра Цена в евро Служебна бележка Служебен тип на артикула
  Не е изгубен Universal Decimal Classification Не е повреден само за читалня ползва се в читалня 256284 Регионална библиотека "Любен Каравелов" Русе Регионална библиотека "Любен Каравелов" Русе Хранилище 1978-01-01 Хранилище 1.34 252943 Цб 91053 120000252943 1 0.69 Вид: Сф Дата: 01.01.1978 Книги
Изтеглен Не е изгубен Universal Decimal Classification Не е повреден без рестрикции заемане за дома 256285 Регионална библиотека "Любен Каравелов" Русе Регионална библиотека "Любен Каравелов" Русе Заемна - подръчен фонд 1978-01-01 Заемна - подръчен фонд 1.34 253685 П 882-31/Б 84 253685 2 0.69 Вид: Сф Дата: 01.01.1978 Книги
Vip Innovations Ltd, Rousse, Bulgaria 2025